Transforming teacher education : reconfiguring the academic work
Salvato in:
| Autore principale: | |
|---|---|
| Natura: | Libro |
| Lingua: | inglese |
| Pubblicazione: |
Bloomsbury Academic
2015
|
| Tags: |
Aggiungi Tag
Nessun Tag, puoi essere il primo ad aggiungerne!!
|
MARC
| LEADER | 00000nam a22000007a 4500 | ||
|---|---|---|---|
| 008 | 210908b ||||| |||| 00| 0 eng d | ||
| 020 | |a 9781472507204 | ||
| 100 | |a ELLIS, Viv |a McNicholl Jane | ||
| 245 | |a Transforming teacher education |b : reconfiguring the academic work |c Viv Ellis and Jane McNicholl |g xii,175p.:ill. | ||
| 260 | |b Bloomsbury Academic |c 2015 |h New Delhi |i 696814 |i 696815 |l LB1738.El5 |m College teachers--Training of--Great Britain |m College teachers--In--service training--Great Britain |m College teachers--Training of--England |m College teachers--In--service training--England | ||
| 500 | |a It includes bibliography and index | ||
| 942 | |a lcc |c BK |e Kuteyi M. A. |f 8/9/2021 | ||
| 952 | |0 0 |1 0 |2 lcc |4 0 |6 LB1738 E L5 |7 0 |9 3449 |a HOL |b HOL |c LP |d 2021-09-08 |l 0 |o LB1738.El5 |p 2021-67160 |r 2021-09-08 00:00:00 |w 2021-09-08 |y BK | ||
| 952 | |0 0 |1 0 |2 lcc |4 0 |6 LB1738 E L5 |7 0 |9 3450 |a HOL |b ED |c LP |d 2021-09-08 |l 0 |o LB1738.El5 |p 2021-67161 |r 2021-09-08 00:00:00 |w 2021-09-08 |y BK | ||
| 999 | |c 1718 |d 1718 | ||